Differential equations and applications in ecology, epidemics, and population problems : proceedings of a Conference on Differential Equations and Applications in Ecology, Epidemnics [as printed], and Population Problems, held in Claremont, California, January 10-11, 1981 /

Bibliographic Details
Corporate Author: Conference on Differential Equations and Applications in Ecology, Epidemics, and Population Problems Claremont, Calif.
Other Authors: Busenberg, Stavros N., Cooke, Kenneth L.
Format: Conference Proceeding Book
Language:English
Published: New York : Academic Press, 1981.
Subjects:

MARC

Tag First Indicator Second Indicator Subfields
LEADER 00000pam a2200000 a 4500
001 in00000080054
005 20151008055311.0
008 810909s1981 nyua b 10110 eng
010 |a  81014897  
020 |a 0121483606 
035 |a (OCoLC)07813460 
035 |9 AAJ3089AM 
039 0 |a 2  |b 3  |c 3  |d 3  |e 3 
040 |a DLC  |c DLC  |d TXA  |d UtOrBLW 
049 |a TXAM  |c [933048] 
050 0 0 |a QH352  |b .C66 1981 
082 0 |a 574.5/248/0151535  |2 19 
111 2 |a Conference on Differential Equations and Applications in Ecology, Epidemics, and Population Problems  |d (1981 :  |c Claremont, Calif.) 
245 1 0 |a Differential equations and applications in ecology, epidemics, and population problems :  |b proceedings of a Conference on Differential Equations and Applications in Ecology, Epidemnics [as printed], and Population Problems, held in Claremont, California, January 10-11, 1981 /  |c edited by Stavros N. Busenberg, Kenneth L. Cooke. 
264 1 |a New York :  |b Academic Press,  |c 1981. 
300 |a xv, 359 pages :  |b illustrations ;  |c 24 cm. 
336 |a text  |b txt  |2 rdacontent 
337 |a unmediated  |b n  |2 rdamedia 
338 |a volume  |b nc  |2 rdacarrier 
504 |a Includes bibliographies and index. 
650 0 |a Population biology  |x Mathematics  |x Congresses. 
650 0 |a Ecology  |x Mathematics  |x Congresses. 
650 0 |a Epidemics  |x Mathematics  |x Congresses. 
650 0 |a Differential equations  |v Congresses. 
700 1 |a Busenberg, Stavros N. 
700 1 |a Cooke, Kenneth L. 
999 |a MARS 
999 f f |s 347aaf2e-6cef-397c-9c3f-1428c9aa91db  |i 4a24df65-29e5-353c-a6aa-2bd8a3469bd1  |t 0 
952 f f |p normal  |a Texas A&M University  |b College Station  |c Sterling C. Evans Library  |d Evans: Library Stacks  |t 0  |e QH352 .C66 1981  |h Library of Congress classification  |i unmediated -- volume  |m A14806216680 
998 f f |a QH352 .C66 1981  |t 0  |l Evans: Library Stacks